| 000 -LEADER | |
|---|---|
| fixed length control field | 00409nam a22001697a 4500 |
| 005 - DATE AND TIME OF LATEST TRANSACTION | |
| control field | 20160518112402.0 |
| 008 - FIXED-LENGTH DATA ELEMENTS--GENERAL INFORMATION | |
| fixed length control field | 160518b xxu||||| |||| 00| 0 eng d |
| 020 ## - INTERNATIONAL STANDARD BOOK NUMBER | |
| ISBN | 978-81-203-3848-7 |
| 041 ## - LANGUAGE CODE | |
| Language code of text/sound track or separate title | eng |
| 082 ## - DEWEY DECIMAL CLASSIFICATION NUMBER | |
| Item number | 2832 |
| 100 ## - MAIN ENTRY--AUTHOR NAME | |
| Personal name | Kaul, Asha |
| 245 ## - TITLE STATEMENT | |
| Title | Business Communication |
| 260 ## - PUBLICATION, DISTRIBUTION, ETC. (IMPRINT) | |
| Place of publication | New Delhi |
| Name of publisher | PHI learning Pvt. Ltd. |
| Year of publication | 2009 |
| 300 ## - PHYSICAL DESCRIPTION | |
| Number of Pages | 254 |
| 650 ## - SUBJECT ADDED ENTRY--TOPICAL TERM | |
| Topical Term | Management |
| 942 ## - ADDED ENTRY ELEMENTS (KOHA) | |
| Koha item type | Books |
| Lost status | Damaged status | Home library | Current library | Shelving location | Date acquired | Cost, normal purchase price | Full call number | Accession Number | Koha item type | Collection code |
|---|---|---|---|---|---|---|---|---|---|---|
| JRU Library | Shelf - 24- B | 18/05/2016 | 175.00 | 2832 | 2832 | Books | ||||
| JRU Library | JRU Library | SHELF-46-D | 18/05/2016 | 175.00 | 2832 | 2833 | Books | LIFE SKILL | ||
| JRU Library | JRU Library | SHELF-62 -J | 18/05/2016 | 175.00 | 2832 | 2834 | Books | MANAGEMENT | ||
| JRU Library | JRU Library | SHELF-46-D | 18/05/2016 | 175.00 | 2832 | 2835 | Books | LIFE SKILL | ||
| JRU Library | Shelf - 24- B | 18/05/2016 | 175.00 | 2832 | 2836 | Books | ||||
| JRU Library | SHELF-62 -J | 18/05/2016 | 175.00 | 2832 | 2837 | Books | MANAGEMENT | |||
| JRU Library | Shelf - 24- B | 18/05/2016 | 175.00 | 2832 | 2838 | Books | ||||
| JRU Library | Shelf - 24- B | 18/05/2016 | 175.00 | 2832 | 2839 | Books |